Nastavovanie a charakteristika dištančnej ochrany

Enregistré dans:
Détails bibliographiques
Auteur principal: Maco, Ondrej (Auteur)
Autres auteurs: Beláň, Anton (Directeur de thèse)
Format: Manuscrit Livre
Langue:slovaque
Publié: 2017
Sujets:
Accès en ligne:http://is.stuba.sk/zp/portal_zp.pl?podrobnosti=131108
Tags: Ajouter un tag
Pas de tags, Soyez le premier à ajouter un tag!

MARC

LEADER 00000ntm a22000003a 4500
001 stuzp60373
003 SK-STU
005 20170726124350.0
007 ta
008 150427s2015----xo-----f-mn---000-0-slo-d
040 |a STU  |b slo 
041 0 |a slo 
044 |a xo 
100 1 |a Maco, Ondrej  |u 032000  |4 aut  |U FEI Fakulta elektrotechniky a informatiky  |T FEI Ústav elektroenergetiky a aplikovanej elektrotechniky  |X 74474  |U E020  |Y 548  |7 74474 
242 0 1 |a Setting and characteristics of the distance protection  |y eng 
245 1 0 |a Nastavovanie a charakteristika dištančnej ochrany 
260 |c 2017 
300 |a 46 s. 
650 4 |a Elektrizačná sústava  |2 slo 
650 4 |a ochrana  |2 slo 
650 4 |a dištančná ochrana  |2 slo 
650 4 |a elektrická ochrana  |2 slo 
650 4 |a reaktancia  |2 slo 
650 4 |a rezistnacia  |2 slo 
650 4 |a Electricity system  |2 eng 
650 4 |a protection  |2 eng 
650 4 |a distance protection  |2 eng 
650 4 |a electric protection  |2 eng 
650 4 |a reactance  |2 eng 
650 4 |a resistance  |2 eng 
700 1 |a Beláň, Anton  |u 032000  |k Z1  |4 ths  |U FEI Fakulta elektrotechniky a informatiky  |T FEI Ústav elektroenergetiky a aplikovanej elektrotechniky  |X 2032  |U E020  |Y 548  |7 A000002032 
856 4 |u http://is.stuba.sk/zp/portal_zp.pl?podrobnosti=131108 
996 |b 284ER02426  |c E*Bc- 2426  |l EE32  |s P  |a 0  |w stuzp60373_0001